000 00481nam a2200193Ia 4500
005 20240823062405.0
008 240823s9999||||xx |||||||||||||| ||und||
041 _aENGLISH
082 _A621.3132 N0
100 _a"Clayton,Albert E"
245 4 _aThe Performance and Design of Direct Current Machines
250 _a3rd
260 _c1990
_b"CBS,Delhi"
500 _aTRANSFERED
650 _aMachine
_bElectrical
700 _a Hancock N N
942 _cBK
999 _c235766
_d235766